Influencia de los medios educativos en la formación integral de los estudiantes /

Gorde:
Xehetasun bibliografikoak
Egile nagusia: Gómez Florez, Andrés
Formatua: Texto
Etiketak: Etiketa erantsi
Etiketarik gabe, Izan zaitez lehena erregistro honi etiketa jartzen!

MARC

LEADER 00000 a a2200000 04500
001 47606
003
040
100 |a Gómez Florez, Andrés  
245 |a Influencia de los medios educativos en la formación integral de los estudiantes /  |c Andrés Gómez Florez  
773 |a número509, (2013), páginas 63-72  
999 |c 27251  |d 27251